Diseases of the extracellular matrix, cytoskeleton and signal transduction calcium-signaling /

Elmentve itt :
Bibliográfiai részletek
Szerző: Balog Attila
Dokumentumtípus: Vegyes gyűjtemény
Tárgyszavak:
Online Access:http://eta.bibl.u-szeged.hu/2550
LEADER 00603npc a2200157 i 4500
001 eta2550
005 20200319105544.0
008 200319suuuu hu o 0|| eng d
040 |a SZTE Elektronikus Tananyag Archívum  |b hun 
041 |a eng 
100 1 |a Balog Attila 
245 1 0 |a Diseases of the extracellular matrix, cytoskeleton and signal transduction   |h [elektronikus dokumentum] :  |b calcium-signaling /  |c  Balog Attila 
650 4 |a Természettudományok 
650 4 |a Biológiai tudományok 
650 4 |a Sejtbiológia, mikrobiológia 
856 4 0 |u https://eta.bibl.u-szeged.hu/2550/2/10/index.html  |z Dokumentum-elérés